|
|
|
|
| LEADER |
00000nam0a2200000 4500 |
| 001 |
334332 |
| 005 |
20231102004638.0 |
| 035 |
|
|
|a (RuTPU)RU\TPU\book\360397
|
| 035 |
|
|
|a RU\TPU\book\21828
|
| 090 |
|
|
|a 334332
|
| 100 |
|
|
|a 20170720d1964 m y0rusy50 ca
|
| 101 |
0 |
|
|a rus
|a ger
|
| 102 |
|
|
|a RU
|
| 105 |
|
|
|a y j 000zy
|
| 200 |
1 |
|
|a Грамматика немецкого языка. Союзы и союзные слова. Бессоюзная связь предложений
|f А. А. Бойко
|g Ленинградский государственный университет
|
| 210 |
|
|
|a Ленинград
|c Изд-во Ленинградского ун-та
|d 1964
|
| 215 |
|
|
|a 28 с.
|
| 606 |
1 |
|
|a Немецкий язык
|x Для вузов
|x Пособия по грамматике
|2 stltpush
|3 (RuTPU)RU\TPU\subj\45396
|9 64638
|
| 610 |
1 |
|
|a союзы
|
| 610 |
1 |
|
|a грамматика
|
| 610 |
1 |
|
|a предложения
|
| 610 |
1 |
|
|a бесспиновые предложения
|
| 610 |
1 |
|
|a упражнения
|
| 610 |
1 |
|
|a заочное обучение
|
| 686 |
|
|
|a Ш143.24-923.2
|v LBC/SL-A
|2 rubbk
|
| 700 |
|
1 |
|a Бойко
|b А. А.
|g Анна Андреевна
|
| 712 |
0 |
2 |
|a Ленинградский государственный университет
|c (1924-1991)
|2 stltpush
|3 (RuTPU)RU\TPU\col\77
|9 23175
|
| 801 |
|
0 |
|a RU
|b 63413507
|c 20011209
|g PSBO
|
| 801 |
|
2 |
|a RU
|b 63413507
|c 20201116
|g PSBO
|
| 942 |
|
|
|c BK
|